| 000 | 00532nam a2200193 a 4500 | ||
|---|---|---|---|
| 005 | 20150827020003.0 | ||
| 008 | s2012 000 spa d | ||
| 020 | _a9789589916933 | ||
| 041 | _aspa | ||
| 044 | _ack | ||
| 082 |
_a577 _bA492a |
||
| 100 |
_aDíaz Merlano, Juan manuel _9504 |
||
| 245 | 0 | _aAmbientes extremos de Colombia | |
| 260 |
_aBogotá _bBanco de Occidente _c2012 |
||
| 300 |
_a207 p. _bil. _c45 cm. |
||
| 650 |
_aEcología _zColombia _9723 |
||
| 650 |
_aPaisaje natural _zColombia _9724 |
||
| 942 |
_2ddc _cIMPRESO _02 |
||
| 999 |
_c7412 _d7412 |
||